|
|
|
|
| LEADER |
00000nam0a2200000 4500 |
| 001 |
196057 |
| 005 |
20231101224651.0 |
| 035 |
|
|
|a (RuTPU)RU\TPU\book\213892
|
| 090 |
|
|
|a 196057
|
| 100 |
|
|
|a 20110518d1990 m y0rusy50 ca
|
| 101 |
0 |
|
|a rus
|
| 102 |
|
|
|a RU
|
| 105 |
|
|
|a y z 101zy
|
| 200 |
1 |
|
|a Пайка алюминиевых конструкций
|e материалы семинара
|f Общество "Знание" РСФСР ; Московский Дом научно-технической пропаганды.
|
| 210 |
|
|
|a Москва
|c Изд-во МДНТП
|d 1990
|
| 215 |
|
|
|a 58 с.
|
| 320 |
|
|
|a Библиогр. в конце ст.
|
| 610 |
1 |
|
|a алюминиевые конструкции
|
| 610 |
1 |
|
|a пайка
|
| 610 |
1 |
|
|a алюминий
|
| 610 |
1 |
|
|a криогенная техника
|
| 610 |
1 |
|
|a радиаторы
|
| 610 |
1 |
|
|a радиаторы
|
| 610 |
1 |
|
|a электропечи
|
| 610 |
1 |
|
|a газовые среды
|
| 610 |
1 |
|
|a алюминиевые сплавы
|
| 675 |
|
|
|a 621.791.3(063)
|v 3
|
| 712 |
0 |
2 |
|a Общество "Знание" РСФСР
|c (Москва)
|2 stltpush
|3 (RuTPU)RU\TPU\col\7484
|
| 712 |
0 |
2 |
|a Московский Дом научно-технической пропаганды
|2 stltpush
|3 (RuTPU)RU\TPU\col\7885
|9 24405
|
| 712 |
1 |
2 |
|a Пайка алюминиевых конструкций
|c научно-технический семинар
|e Москва
|f 1990
|
| 801 |
|
1 |
|a RU
|b 63413507
|c 20110518
|
| 801 |
|
2 |
|a RU
|b 63413507
|c 20110524
|g RCR
|
| 942 |
|
|
|c BK
|